مكتبة جامعة عجلون الوطنية

فهرس بحث المكتبة

Normal view MARC view
  • التهرب الضريبي

Entry Topical Term

Number of records used in: 1

001 - CONTROL NUMBER

  • control field: 61281

003 - CONTROL NUMBER IDENTIFIER

  • control field: JO-AjAnu

005 - DATE AND TIME OF LATEST TRANSACTION

  • control field: 20230606084020.0

008 - FIXED-LENGTH DATA ELEMENTS

  • fixed length control field: 230606|| aca||aabn | a|a d

040 ## - CATALOGING SOURCE

  • Original cataloging agency: JO-AjAnu
  • Transcribing agency: JO-AjAnu

150 ## - HEADING--TOPICAL TERM

  • Topical term or geographic name entry element: التهرب الضريبي

670 ## - SOURCE DATA FOUND

  • Source citation: Work cat.: (JO-AjAnu)31259: اعداد خليل طه ابو حميدة؛ مهند محمد العبيني, author 61280, العوامل المؤثرة على التهرب الضريبي في القطاع التجاري من وجهة نظر مدققي ضريبة الدخل والمبيعات وجمعية خبراء ضريبة الدخل والمبيعات =The Factors that Affect Tax Evasion in the Commercial Sector - An study View of income and Sales Tax Auditors and The Association of income Tax Experts-